| 000 | 01486nam0a2200361 4500 | ||
|---|---|---|---|
| 001 | RU\NLR\bibl\332433 | ||
| 005 | 20260407081009.0 | ||
| 010 |
_a5-7218-0425-4 _9500 |
||
| 020 |
_aRU _b02-62421 _9Книжная летопись |
||
| 021 |
_aRU _b2002-32878 _91623 |
||
| 035 | _a(NLR Aleph) 000327392 | ||
| 090 |
_a135382 _c135382 |
||
| 100 | _a20021104d2002 |||y0rusy50 ca | ||
| 101 | 0 | _arus | |
| 102 | _aRU | ||
| 105 | _aa ||||||||| | ||
| 200 | 1 |
_aРасходы федерального бюджета на дорожное хозяйство _fЦентр фиск. политики, [Консалтинговая группа _gБогданов Л. Н. и др.] |
|
| 210 |
_aМ. _cТЕИС _d2002 |
||
| 215 |
_a87 с. _cил. _d29 |
||
| 606 | 0 |
_aДорожное хозяйство _xФинансирование _yРоссийская Федерация _92265990 _3RU\NLR\auth\661358384 |
|
| 610 | 0 | _aДорожное хозяйство - Кредитование и финансирование | |
| 675 |
_a625.7:336.1 _v3 _zrus |
||
| 686 |
_a73.31 _2rugasnti |
||
| 686 |
_a65.30 _2rubbk |
||
| 686 | _aУ37(2)32-93 | ||
| 702 | 1 |
_aБогданов _bЛ. Н. _gЛеонид Николаевич _4220 |
|
| 712 | 0 | 2 |
_4570 _aЦентр фискальной политики _cМосква _3RU\NLR\AUTH\8810041428 _9582173 |
| 801 | 0 |
_aRU _bRKP _c20021104 _gPSBO |
|
| 801 | 1 |
_aRU _bRKP _c20021104 |
|
| 801 | 2 |
_aRU _bNLR _c20021203 _grcr |
|
| 942 | _cBOOK | ||
| 980 | _aNB | ||